Management : a practical introduction /

Shranjeno v:
Bibliografske podrobnosti
Glavni avtor: Kinicki, Angelo.
Drugi avtorji: Williams, Brian K., 1938-
Format: Knjiga
Jezik:English
Izdano: New York : McGraw-Hill/Irwin, c2008.
Izdaja:3rd ed.
Teme:
Oznake: Označite
Brez oznak, prvi označite!
Thư viện lưu trữ: Mạng thư viện Đại học Đà Nẵng
LEADER 02157nam a22003251a 4500
001 000034936
003 11157
005 20240923104755.0
008 151027s2008 000 eng
020 |a 9780073530192 
040 |a lnn  |c lnn  |d lnn 
082 0 0 |a 658  |b KI-A 
100 1 |a Kinicki, Angelo. 
245 1 0 |a Management :  |b a practical introduction /  |c Angelo Kinicki, Brian K. Williams. 
250 |a 3rd ed. 
260 |a New York :  |b McGraw-Hill/Irwin,  |c c2008. 
300 |a xxvii, 557, [84] p. :  |b coll. ill. ;  |c 28 cm. 
504 |a Includes bibliographical references and indexes. 
505 0 |a The exceptional manager : what you do, how you do it -- Management theory : essential background for the successful manager -- The manager's changing work environment & responsibilities -- Global management : managing across borders -- Planning : the foundation of successful management -- Strategic management : how star managers realize a grand design -- Individual & group decision making : how managers make things happen -- Organizational culture, structure, & design : building blocks of the organization -- Human resource management : getting the right people for managerial success -- Organizational change & innovation : life-long challenges for the exceptional manager -- Managing individual differences & behavior -- Motivating employees : achieving superior performance in the workplace -- Groups & teams : from conflict to cooperation -- Power, influence, & leadership : from becoming a manager to becoming a leader -- Interpersonal & organizational communication -- Control : techniques for enhancing organizational effectiveness. 
650 0 |a Management. 
700 1 |a Williams, Brian K.,  |d 1938- 
OWN |a LNN 
AVA |a UDN50  |b LNN  |c English  |d 658KI-A  |e available  |t Error 5001 Not defined in file expand_doc_bib_avail.  |f 1  |g 0  |h N  |i 0  |j AN  |k 1 
999 |a From the UDN01 
AVA |a UDN50  |b LNN  |c English  |d 658KI-A  |e available  |t Error 5001 Not defined in file expand_doc_bib_avail.  |f 1  |g 0  |h N  |i 0  |j AN  |k 1 
TYP |a Monograph 
980 |a Mạng thư viện Đại học Đà Nẵng